000 00638nam a2200241Ia 4500
005 20260430150006.0
008 008 250103s9999 xx 000 0 eng d
037 _aTheses
040 _aCRL
040 _beng
040 _ceng
041 _2eng
041 _aeng
084 _qCRL
100 _aKaur Bhavneet Au.; Arif Yasmeen Gu.
_91236134
245 0 _asensorium of the everyday: remembrances and remnants in downtown Srinagar
260 _c2020
300 _a186p.
650 _aEconomic Conditions
700 _aUniversity of Delhi. Delhi school of economics. Sociology
942 _cTH
999 _c1848674
_d1848674